Film form : essays in film theory = La forma del filme: ensayos en la teoría del filme /
محفوظ في:
| المؤلف الرئيسي: | |
|---|---|
| التنسيق: | غير معروف |
| اللغة: | English |
| منشور في: |
New York, Harcourt :
Brace,
1949.
|
| الطبعة: | 1 edición |
| الموضوعات: | |
| الوسوم: |
إضافة وسم
لا توجد وسوم, كن أول من يضع وسما على هذه التسجيلة!
|
MARC
| LEADER | 000000000a22000000004500 | ||
|---|---|---|---|
| 001 | 013201 | ||
| 020 | |a 0156309203 | ||
| 041 | 0 | |a eng | |
| 082 | 0 | 4 | |a 791.4 |b E36f |
| 100 | 1 | |a Eisenstein, Sergei, |d 1898-1948 | |
| 245 | 1 | 0 | |a Film form : |b essays in film theory = La forma del filme: ensayos en la teoría del filme / |c Sergei Eisenstein. |
| 246 | 3 | 1 | |a La forma del filme: ensayos en la teoría del filme |
| 250 | |a 1 edición | ||
| 260 | 1 | |a New York, Harcourt : |b Brace, |c 1949. | |
| 300 | |a 279 páginas : |b ilustraciones ; |c 21 cm. | ||
| 650 | 4 | |a PELICULAS | |
| 500 | |a Colección George Yúdice | ||
| 999 | |c 19136 |d 19136 | ||
| 942 | |c BK |h 791.4 E36f |2 z | ||



